[Event "Foment Martinenc op-B 15th"]
[Site "Barcelona"]
[Date "2013.05.11"]
[Round "4"]
[White "Acriz Ibanez, Salvador"]
[Black "Diez Mauricio, Sergio"]
[Result "0-1"]
[WhiteElo "1443"]
[BlackElo "1651"]
[PlyCount "64"]
[EventDate "2013.04.20"]
[EventType "swiss"]
[EventRounds "9"]
[EventCountry "ESP"]
[SourceTitle "CBM 154 Extra"]
[Source "ChessBase"]
[SourceDate "2013.06.25"]
[SourceVersion "2"]
[SourceVersionDate "2013.06.25"]
[SourceQuality "1"]

1. Nf3 d6 2. d4 Bg4 3. e4 Nf6 4. Nc3 e6 5. Be2 Be7 6. 0-0 0-0 7. e5 dxe5 8. Nxe5 Bxe2 9. Nxe2 c5 10. Bg5 Qc7 11. c3 cxd4 12. cxd4 Nd5 13. Bxe7 Qxe7 14. a3 Nd7 15. Nxd7 Qxd7 16. Rc1 Rac8 17. Qd2 Rfd8 18. Rxc8 Rxc8 19. Rc1 Nf6 20. Rxc8+ Qxc8 21. Qc1 Qxc1+ 22. Nxc1 Kf8 23. Nd3 Ke7 24. f3 Kd6 25. Kf2 Nd5 26. g3 f6 27. f4 a5 28. Kf3 h5 29. h4 g6 30. g4 hxg4+ 31. Kxg4 Ne3+ 32. Kf3 Nf5 0-1

[Event "Foment Martinenc op-B 15th"]
[Site "Barcelona"]
[Date "2013.05.04"]
[Round "3"]
[White "Diez Mauricio, Sergio"]
[Black "Fuente Pulido, Aitor"]
[Result "1-0"]
[WhiteElo "1651"]
[BlackElo "1700"]
[PlyCount "123"]
[EventDate "2013.04.20"]
[EventType "swiss"]
[EventRounds "9"]
[EventCountry "ESP"]
[SourceTitle "CBM 154 Extra"]
[Source "ChessBase"]
[SourceDate "2013.06.25"]
[SourceVersion "2"]
[SourceVersionDate "2013.06.25"]
[SourceQuality "1"]

1. c4 g6 2. g3 Nf6 3. Bg2 Bg7 4. Nc3 e5 5. e4 0-0 6. Nge2 Nc6 7. 0-0 d6 8. d3 Be6 9. Nd5 Nd4 10. Nxd4 exd4 11. Bg5 c6 12. Nxf6+ Bxf6 13. Bh6 Bg7 14. Qd2 d5 15. exd5 cxd5 16. b3 Qd7 17. Bf4 Bh3 18. Rfe1 Bxg2 19. Kxg2 Rfe8 20. Qa5 dxc4 21. bxc4 Qf5 22. Qxf5 gxf5 23. Rab1 b6 24. Kf1 f6 25. Rb5 Rxe1+ 26. Kxe1 Rc8 27. Rd5 Bf8 28. Rxd4 Re8+ 29. Kd1 Bc5 30. Rd5 Bxf2 31. Rxf5 Re1+ 32. Kd2 Rh1 33. Rxf6 Rxh2 34. Kc3 Kg7 35. Be5 Be1+ 36. Kb3 Rh5 37. Rf5+ Kg6 38. Rxh5 Kxh5 39. d4 Bd2 40. c5 bxc5 41. dxc5 Ba5 42. Ka4 Bd8 43. c6 Kg4 44. c7 Bxc7 45. Bxc7 h5 46. Kb5 h4 47. gxh4 Kxh4 48. Bb8 a6+ 49. Kxa6 Kg4 50. a4 Kf5 51. Kb6 Ke6 52. a5 Kd7 53. Kb7 Kd8 54. a6 Kd7 55. a7 Kd8 56. a8Q Ke8 57. Be5+ Ke7 58. Qa3+ Ke6 59. Qd6+ Kf7 60. Qf6+ Ke8 61. Qg7 Kd8 62. Bf6+ 1-0

[Event "Barcelona La Lira-B 15th"]
[Site "Barcelona"]
[Date "2012.07.28"]
[Round "8"]
[White "Vilasaro Ruiz, Gerard"]
[Black "Diez Mauricio, Sergio"]
[Result "1/2-1/2"]
[WhiteElo "1605"]
[BlackElo "1651"]
[PlyCount "27"]
[EventDate "2012.07.21"]
[EventType "tourn"]
[EventRounds "9"]
[EventCountry "ESP"]
[SourceTitle "EXT 2014"]
[Source "ChessBase"]
[SourceDate "2013.11.20"]
[SourceVersion "1"]
[SourceVersionDate "2013.11.20"]
[SourceQuality "1"]

1. e4 d6 2. Nc3 Nf6 3. f4 e5 4. fxe5 dxe5 5. Nf3 Nc6 6. Bb5 Bd6 7. 0-0 Bd7 8. d3 a6 9. Bc4 h6 10. Nd5 Be6 11. Nxf6+ gxf6 12. Bxe6 fxe6 13. Be3 Qe7 14. Nh4 1/2-1/2

[Event "Barcelona La Lira-B 15th"]
[Site "Barcelona"]
[Date "2012.07.27"]
[Round "7"]
[White "Diez Mauricio, Sergio"]
[Black "Jimenez Sanchez, Joan R"]
[Result "0-1"]
[WhiteElo "1651"]
[BlackElo "1827"]
[PlyCount "120"]
[EventDate "2012.07.21"]
[EventType "tourn"]
[EventRounds "9"]
[EventCountry "ESP"]
[SourceTitle "EXT 2014"]
[Source "ChessBase"]
[SourceDate "2013.11.20"]
[SourceVersion "1"]
[SourceVersionDate "2013.11.20"]
[SourceQuality "1"]

1. c4 c5 2. g3 g6 3. Bg2 Bg7 4. Nc3 Nc6 5. a3 Nf6 6. Rb1 Qc7 7. b4 cxb4 8. axb4 d6 9. Nf3 0-0 10. 0-0 Bf5 11. d3 Nd7 12. Nd5 Qd8 13. Bb2 Nde5 14. Nxe5 Nxe5 15. h3 Rb8 16. f4 Nd7 17. Bxg7 Kxg7 18. e4 Be6 19. Ne3 Nf6 20. f5 Bd7 21. Qe2 Kg8 22. Ng4 Nxg4 23. Qxg4 Qb6+ 24. Kh2 Qd4 25. Qe2 Qe5 26. Qe3 gxf5 27. Qg5+ Kh8 28. exf5 Rg8 29. Qf4 Qf6 30. Rbe1 Bc6 31. Be4 Qb2+ 32. Kg1 Rxg3+ 33. Qxg3 Rg8 34. Qxg8+ Kxg8 35. b5 Qd4+ 36. Rf2 Bxe4 37. Rxe4 Qxd3 38. Rxe7 Qxc4 39. Re8+ Kg7 40. f6+ Kh6 41. Re7 Qc1+ 42. Kg2 Qg5+ 43. Kf1 Qxb5+ 44. Kg1 Qb1+ 45. Rf1 Qg6+ 46. Kh2 b5 47. Rxa7 Qc2+ 48. Kh1 Qe4+ 49. Kh2 Qe2+ 50. Kg3 Qe3+ 51. Rf3 Qxa7 52. Rf4 Qe3+ 53. Rf3 Qxf3+ 54. Kxf3 b4 55. Ke2 Kg5 56. Kd2 Kxf6 57. Kc2 Ke5 58. Kb3 Ke4 59. Kxb4 d5 60. Kc3 Ke3 0-1

[Event "Barcelona La Lira op-B 14th"]
[Site "Barcelona"]
[Date "2011.07.28"]
[Round "6"]
[White "Montero Domenech, Felix"]
[Black "Diez Mauricio, Sergio"]
[Result "1-0"]
[WhiteElo "1638"]
[BlackElo "1612"]
[PlyCount "60"]
[EventDate "2011.07.23"]
[EventType "swiss"]
[EventRounds "9"]
[EventCountry "ESP"]
[SourceTitle "EXT 2024"]
[Source "ChessBase"]
[SourceDate "2023.10.10"]
[SourceVersion "1"]
[SourceVersionDate "2023.10.10"]
[SourceQuality "1"]

1. e4 d6 2. d4 Nf6 3. Nc3 e5 4. dxe5 dxe5 5. Qxd8+ Kxd8 6. Bg5 Be6 7. Nd5 Bxd5 8. 0-0-0 Ke8 9. exd5 Bc5 10. f3 Nbd7 11. Bb5 a6 12. Ba4 b5 13. Bb3 a5 14. a4 bxa4 15. Bxa4 Kf8 16. Ne2 Nb6 17. Nc3 Nxa4 18. Nxa4 Bd6 19. c4 Nd7 20. Be3 Rb8 21. c5 Be7 22. d6 cxd6 23. cxd6 Bf6 24. Nc5 Rc8 25. Rd5 Ke8 26. Kb1 Nb6 27. d7+ Nxd7 28. Nxd7 Rd8 29. Nxf6+ gxf6 30. Rxd8+ Kxd8 1-0

[Event "Barcelona Sant Marti op 04th"]
[Site "Barcelona"]
[Date "2002.05.25"]
[Round "8.39"]
[White "Torres Herrero, Joan Manel"]
[Black "Diez Mauricio, Sergio"]
[Result "1-0"]
[WhiteElo "1925"]
[BlackElo "1700"]
[PlyCount "103"]
[EventDate "2002.04.06"]
[EventType "swiss"]
[EventRounds "9"]
[EventCountry "ESP"]
[SourceTitle "EXT 2003"]
[Source "ChessBase"]
[SourceDate "2002.11.25"]
[SourceVersion "1"]
[SourceVersionDate "2002.11.25"]
[SourceQuality "1"]

1. Nf3 d5 2. d3 Nc6 3. Nbd2 e5 4. e4 Be6 5. g3 Bc5 6. Bg2 Nge7 7. 0-0 h6 8. Re1 Qd7 9. exd5 Nxd5 10. Nxe5 Nxe5 11. Rxe5 0-0-0 12. c4 f6 13. Rxe6 Qxe6 14. Bxd5 Qf5 15. Ne4 Bd4 16. Be3 Bxe3 17. fxe3 Qe5 18. d4 Qe7 19. Bxb7+ Kxb7 20. Nc5+ Kb6 21. Qb3+ Kc6 22. Qb5+ Kd6 23. Nb7+ Ke6 24. Nxd8+ Rxd8 25. Rf1 Kf7 26. Qe5 Qxe5 27. dxe5 Ke6 28. exf6 gxf6 29. b3 Rd2 30. Rf2 Rd1+ 31. Kg2 Ke5 32. Kf3 f5 33. h3 Rh1 34. h4 h5 35. Rd2 c6 36. Rd7 Rf1+ 37. Kg2 Rc1 38. Rxa7 Ke4 39. Re7+ Kd3 40. Re5 Rc2+ 41. Kh3 Rxa2 42. Rxf5 Kxe3 43. Rxh5 Kf2 44. Rf5+ Kg1 45. Kg4 Rb2 46. Rf6 c5 47. Rf5 Rxb3 48. Rxc5 Kg2 49. Rd5 Rxg3+ 50. Kh5 Rg8 51. Rg5+ Rxg5+ 52. hxg5 1-0